000 00484nam a2200157 a 4500
001 000046589
005 20201002053001.0
008 150908s1990 dr a 000 0 spa d
040 _aDO-SdBNP
_bspa
_cBNPHU
082 _axxxx
_bR173L
100 1 _aRamírez de Tena, Ligia
_974569
245 1 3 _aEl lenguaje al servicio de la comunicación /
_cLigia Ramírez de Tena.
260 _aSanto Domingo :
_bDisesa,
_c1990.
300 _a168 p. :
_bil. ;
_c28 cm.
590 _aInventariado, 2018/LP
999 _c46078
_d46078